Paul's thorn in the flesh. (Record no. 5195)

000 -LEADER
fixed length control field 00517nam a2200181 a 4500
001 - CONTROL NUMBER
control field :::00002936$&:&@@
003 - CONTROL NUMBER IDENTIFIER
control field OkBaRHE
005 - DATE AND TIME OF LATEST TRANSACTION
control field 20000607103258.0
008 - FIXED-LENGTH DATA ELEMENTS--GENERAL INFORMATION
fixed length control field s1983 j 000 0 eng u
040 ## - CATALOGING SOURCE
Transcribing agency
100 1# - MAIN ENTRY--PERSONAL NAME
Personal name Capps, Charles.
245 10 - TITLE STATEMENT
Title Paul's thorn in the flesh.
260 ## - PUBLICATION, DISTRIBUTION, ETC. (IMPRINT)
Place of publication, distribution, etc Dallas, TX., :
Name of publisher, distributor, etc Word of Faith
Date of publication, distribution, etc c1983
300 ## - PHYSICAL DESCRIPTION
Extent 62 p. ;
Dimensions 22 cm.
650 ## - SUBJECT ADDED ENTRY--TOPICAL TERM
Topical term or geographic name as entry element Paul Apostle
942 ## - ADDED ENTRY ELEMENTS (KOHA)
Source of classification or shelving scheme
Koha item type Books
Copies
Shelving location Price effective from Damaged status Barcode Full call number Source of classification or shelving scheme Copy number Date acquired Withdrawn status Date last seen Lost status Not for loan Permanent Location Koha item type
General Stacks2010-04-14 2936BS 2506 .C3 12010-04-14 2018-03-16  RHEMA Bible Training CollegeBooks